000
00267nam a22000977a 4500
999
_c
11252
_d
11252
008
181204b ||||| |||| 00| 0 eng d
020
_a
9789385936265
100
_a
Lokapally Vijay
_9
7000
245
_a
Driven( The Virat Kohli Story)
260
_a
New Delhi
_b
Bloomsbury
_c
2016